000 00259nam a2200097Ia 4500
001 1250466
005 20251031150856.0
008 251031s9999 xx 000 0 und d
245 0 _cVİRGİNİA WOOLF
_aG-3 LONDRA MANZARALARI
260 _bKIRMIZI KEDİ YAYINLARI
999 _c1250466
_d1250466